[Event "Africa-ch U20"]
[Site "Bejaia"]
[Date "2022.11.14"]
[Round "2"]
[White "Nhamuave, Eleazar"]
[Black "Babahammou, Otmane"]
[Result "1-0"]
[WhiteElo "1706"]
[BlackElo "1328"]
[PlyCount "75"]
[EventDate "2022.11.13"]
[EventType "swiss"]
[EventRounds "9"]
[EventCountry "ALG"]
[SourceTitle "CBM 211 Extra"]
[Source "ChessBase"]
[SourceDate "2023.01.31"]
[SourceVersion "1"]
[SourceVersionDate "2023.01.31"]
[SourceQuality "1"]

1. d4 Nf6 2. c4 e6 3. Nf3 d5 4. g3 dxc4 5. Qa4+ c6 6. Qxc4 Be7 7. Bg2 Nbd7 8. 0-0 0-0 9. Nc3 Nb6 10. Qb3 Nbd5 11. Ne5 Nxc3 12. bxc3 h6 13. a4 a5 14. Rb1 Ra6 15. Ba3 Bxa3 16. Qxa3 Qc7 17. Rb2 Nd7 18. Nd3 Re8 19. f4 b6 20. c4 c5 21. d5 exd5 22. cxd5 Nf6 23. Ne5 Bf5 24. Qb3 Rxe5 25. fxe5 Qxe5 26. d6 Bc8 27. Rd2 Qe6 28. Qxe6 Bxe6 29. Rxf6 gxf6 30. d7 Bxd7 31. Rxd7 Kf8 32. Bd5 Kg7 33. Bxf7 Kf8 34. Bc4 Ra8 35. Rf7+ Ke8 36. Rxf6 Rb8 37. Rxh6 Ke7 38. g4 1-0